| 000 | 01950nam a2200373 c 4500 | ||
|---|---|---|---|
| 003 | BLK | ||
| 005 | 20180420214646.0 | ||
| 008 | 180412b bul|||||r ||||||| ||bul|| | ||
| 010 | _aKNG00013079000 | ||
| 020 |
_a954-8492-25-3 _bиздат.: Информа Интелект |
||
| 040 | _aBLK | ||
| 041 |
_aBUL _cBUL |
||
| 080 |
_aПатентно право и право на запазена (търг.) марка. Регистрация на промишлени образци, проекти, наименования на фирми. Индустриална собственост (промишлена, научна) _b347.77 _x _z347.77 |
||
| 080 |
_aИзобретения и открития. Изобретателство. Рационализации. Патенти. Промишлени образци. Вж и 347.77 _b001.894 _x _z001.894 |
||
| 100 | 1 |
_aЛекова, Татяна _eпърви автор _9256589 |
|
| 139 |
_aМeждународна закрила на изобретенията - процедура РСТ _bМ 45 |
||
| 245 | 1 | 0 |
_aМeждународна закрила на изобретенията - процедура РСТ _cТатяна Лекова. |
| 257 | _aBGR | ||
| 260 |
_аСофия _bИнформа Интелект _c1996 |
||
| 300 |
_a175 с. _bс табл. _c21 см |
||
| 380 | _a3 | ||
| 490 | 1 |
_aБиблиотека Интелектуална собственост _v3 |
|
| 500 | _aДруги авт.: В. Германова, Е. Табова, М. Недялкова ; 1 000 тир | ||
| 650 | 4 |
_aИзобретателско право _9156630 |
|
| 650 | 4 |
_aПатентно дело - правни въпроси _9256590 |
|
| 653 | _aизобретения | ||
| 653 | _aпатенти | ||
| 653 | _aправни проблеми | ||
| 852 | _aЦб 189462 | ||
| 856 | 4 |
_qpdf _u |
|
| 856 | 4 |
_qpdf _u |
|
| 942 |
_cKNG _n0 |
||
| 944 |
_aCR _c15.01.2003 _kГеновева_Генчева |
||
| 944 |
_aED _c01.08.2003 _k |
||
| 999 |
_c11531 _d11531 |
||